Statistiques concernant Personnage de Game of Thrones #1

Cliquez ici pour prendre le quiz!

Statistiques générales

  • Ce quiz a été pris 624 fois
  • Le résultat moyen est 11 sur 16

Statistiques - réponses

Réponse% Correct
Jon Snow
97%
Arya Stark
96%
Daenerys Targaryen
91%
Tyrion Lannister
91%
Cersei Lannister
90%
Eddard Stark
90%
Sansa Stark
87%
Khal Drogo
84%
Robb Stark
79%
Brienne de Torth
76%
Oberyn Martell
48%
Margaery Tyrell
39%
Lyanna Mormont
33%
Ygrid
31%
Ros
26%
Septa Unella
9%

Distribution des résultats

Percentile par nombre de réponses

% des personnes avec chaque résultat

Votre développement - résultats

Vous n’avez pas pris ce quiz